000 00285nam a2200121Ia 4500
100 _aMasani/N.K
942 _cBK
654 _aPrinciples
245 _aPrinciples Of Cobol & Fortran Programming
260 _bProgressive Corpor
_aBombay
_c1982
082 _a1.6
_bMas
546 _aENGLISH
999 _c21320
_d21320